Ako sme hospodárili v roku 1977

Bibliographic Details
Main Author: Gajda, Michal (Author)
Format: Article
Language:Slovak
Subjects:

MARC

LEADER 00000nab a2200000 a 4500
001 vtls000000969
003 SK-MaSNL
005 20260303115947.0
008 111103c1978 xo 0 slo
015 |a SNBRB19rr/mm-uuuuu 
035 |a CL0011061 
040 |a SNKBUCL  |b slo  |c SNKBUCL  |e AACR2 
041 0 |a slo 
044 |a xo  |c SK 
080 |a 368  |2 1981 
080 |a 336.5  |2 1981 
100 1 |a Gajda, Michal  |4 aut  |9 924722 
245 1 0 |a Ako sme hospodárili v roku 1977  |c Michal Gajda 
650 0 7 |a nemocenské poistenie  |2 snkbucl  |9 67734 
655 7 |a články z novín a časopisov  |2 snkbucl  |9 267496 
773 0 |t Národné poistenie  |g Roč. 10, č. 6 (1978), s. 1-3 
850 |a Slovenská národná knižnica v Martine  |a MTA001 
852 |a SNK  |b KIS3GCP 
958 |a RK 
992 |a RBX 
999 |c 1906721  |d 1908651